000 01681cam a22004577a 4500
001 000093170
003 CHAP
005 20220817044009.0
008 050221d2005 mx d r 00110 spa d
010 _a89636
011 _a90608
035 _a101164
040 _cCHAP
090 _aTesis
100 0 0 _aLópez de Luna, Raymundo.
_967819
245 1 0 _aGuia para la capacitación a operarios por educación basada en competencia laboral para la obtención de germoplasma en pinos /
_c/por Raymundo López de Luna.
260 _aChapingo, Méx. :
_bEl autor,
_c2005.
300 _a92 h. :
_bcuadros.
502 _aTesis (Ing. Agr. Esp. en Bosques) -- UACH. División de Ciencias Forestales
590 _aALEPH
_b10
_c20130110
_lUCH01
_h1504
590 _aBATCH-UPD
_b10
_c20130110
_lUCH01
_h0750
590 _aBATCH-UPD
_b10
_c20130410
_lUCH01
_h0430
590 _aBATCH-UPD
_b10
_c20130914
_lUCH01
_h0839
590 _aBATCH-UPD
_b10
_c20140324
_lUCH01
_h1449
590 _aBATCH-UPD
_b10
_c20141002
_lUCH01
_h0825
590 _aCONVERSION
_b10
_c20130109
_lUCH01
_h1350
590 _aE12093SGE
_b10
_c20130620
_lUCH01
_h0839
650 1 4 _aÁrboles
_xGermoplasma.
_96603
650 1 4 _aCapacitación.
_918690
650 1 4 _aCompetencia laboral.
_926095
650 1 4 _aEducación agrícola.
_935491
650 1 4 _aPinus.
_988318
650 1 4 _aTrabajo y trabajadores.
856 _3Finding aid
_uhttp://10.13.5.2/tesis/101164.pdf
_zTeclea aquí
901 _aBK
905 _aMarco A. Mendoza T.
942 _cCD
942 _n0
949 _aTesis
_bBC
_cTES
_d1011641
_eTS1
_gDonaciØn
_h43541
_i101164
_sb
949 _aTesis
_bBC
_cTES
_d33724000943452
_eTS2
_fc.2
_gDonaciØn
_h43542
_i101164
_sb
999 _c89636
_d89636